000 00498nam a2200181 4500
001 120337
003 ES-MaACL
005 20240506120947.0
007 t|
008 070214s1977 sp r ||||1| spa d
245 0 0 _aPoesía desde el pueblo
_b: antología /
_ccoordina Cástor.
250 _a1ª. ed.
260 _aMadrid :
_bEdic. Hoac,
_c1977.
300 _a75 p. ;
_c17 cm.
700 1 _aBóveda, Cástor,
_d1950-
_931114
852 _aES-MaACL
_jA-6872
_bR.95991
999 _c120337
_d120337